000 00714nam a2200205 i 4500
001 91344
003 ES-MaACL
005 20251009173351.0
007 t|
008 050128s1952 sp ||||1| cat d
100 1 _aLeveroni, Rox.
_971939
245 1 0 _aPresencia i record /
_cRox Leveroni ; amb proleg de Salvador Espriú ; precedit de la reedició de Epigrames i cançons amb una carta próleg de Carles Riba.
250 _a[1ª ed.].
260 _a[Barcelona] :
_bOssa Menor,
_c1952 (
_fMinerva)
300 _a162 p. ;
_c18 cm.
700 1 _aEspriu, Salvador,
_d1913-1985
_947947
700 1 _aRiba, Carles,
_d1893-1959
_996698
852 _aES-MaACL
_jD-8337
_bR.32807
999 _c91344
_d91344